000 00521nmm a2200169Ia 4500
008 251105s9999||||xx |||||||||||||||||und||
020 _a9788492521760
041 _aspa
100 _aRubio Jiménez, Jeús
245 0 _aLa fama póstuma de Gustavo Adolfo y Valeriano Bécquer
264 _a[Madrid, España] :
_bPrensas Universitarias de Zaragoza,
_c2009
300 _a211 páginas
490 _aHumanidades
650 _aSpanish literature
856 _uhttps://public.digitaliapublishing.com/a/6264
942 _cCF
999 _c88878
_d88878